| Tag |
First Indicator |
Second Indicator |
Subfields |
| LEADER |
00000cam a2200000 4500 |
| 001 |
in00000043117 |
| 005 |
20151007070846.0 |
| 008 |
750730s1941 paua 00010 eng u |
| 010 |
|
|
|a 42000717
|
| 035 |
|
|
|a (OCoLC)01491702
|
| 035 |
|
|
|9 AAE4858AM
|
| 040 |
|
|
|c FQG
|d TXA
|d UtOrBLW
|
| 049 |
|
|
|a TXAM
|c [102249]
|
| 050 |
0 |
0 |
|a QH368
|b .N4
|
| 082 |
0 |
|
|a 575
|
| 092 |
|
|
|a 575
|b N374a
|
| 100 |
1 |
|
|a Needham, James G.
|q (James George),
|d 1868-1957.
|
| 245 |
1 |
0 |
|a About ourselves ;
|b a survey of human nature from the zoological viewpoint /
|c by James G. Needham, with illustrations by William D. Sargent.
|
| 264 |
|
1 |
|a Lancaster, Pa. :
|b The Jaques Cattell Press,
|c 1941.
|
| 300 |
|
|
|a 3 pages ., ix-xi, 276 pages :
|b illustrations, diagrams ;
|c 26 cm.
|
| 336 |
|
|
|a text
|b txt
|2 rdacontent
|
| 337 |
|
|
|a unmediated
|b n
|2 rdamedia
|
| 338 |
|
|
|a volume
|b nc
|2 rdacarrier
|
| 650 |
|
0 |
|a Human beings.
|
| 650 |
|
0 |
|a Psychology, Comparative.
|
| 650 |
|
0 |
|a Social psychology.
|
| 999 |
|
|
|a MARS
|
| 999 |
f |
f |
|s dd29308d-7508-3e2b-87a8-bc96f70dcbc6
|i a1f705b8-81be-3a6b-a49d-1af6ba938f2c
|t 0
|
| 952 |
f |
f |
|p ric
|a Texas A&M University
|b Rellis Campus
|c Joint Library Facility
|d Remote Storage
|t 0
|e QH368 .N4
|h Library of Congress classification
|i unmediated -- volume
|m A14800977482
|
| 998 |
f |
f |
|a QH368 .N4
|t 0
|l Remote Storage
|